[Event "Vlissingen op 25th"]
[Site "Vlissingen"]
[Date "2023.08.10"]
[Round "7"]
[White "Van der Kaap, Jos"]
[Black "Ikonnikov, Vyacheslav"]
[Result "1/2-1/2"]
[WhiteElo "2224"]
[BlackElo "2447"]
[PlyCount "62"]
[EventDate "2023.08.05"]
[EventType "swiss"]
[EventRounds "9"]
[EventCountry "NED"]
[SourceTitle "CBM 215 Extra"]
[Source "ChessBase"]
[SourceDate "2023.09.30"]
[SourceVersion "1"]
[SourceVersionDate "2023.09.30"]
[SourceQuality "1"]

1. e4 c5 2. Nf3 Nc6 3. d4 cxd4 4. Nxd4 e5 5. Nb5 d6 6. c4 Be7 7. N5c3 Nf6 8. Bd3 0-0 9. 0-0 Bg4 10. f3 Be6 11. Nd5 Bxd5 12. exd5 Nb4 13. Be2 a5 14. Nc3 Nd7 15. Rb1 Bg5 16. Bxg5 Qxg5 17. Nb5 Nxa2 18. Nxd6 Nc5 19. Kh1 f5 20. f4 Qf6 21. fxe5 Qxe5 22. Nb5 Nb4 23. Bf3 Nbd3 24. d6 Rf6 25. Bxb7 Rb8 26. Bd5+ Kh8 27. Qf3 g5 28. Bc6 Rh6 29. h3 Rf8 30. Qd5 g4 31. Qxe5+ Nxe5 1/2-1/2

[Event "Vlissingen HZ op 24th"]
[Site "Vlissingen"]
[Date "2022.08.10"]
[Round "6"]
[White "Van der Kaap, Jos"]
[Black "Beerdsen, Thomas"]
[Result "0-1"]
[WhiteElo "2187"]
[BlackElo "2513"]
[PlyCount "70"]
[EventDate "2022.08.06"]
[EventType "swiss"]
[EventRounds "9"]
[EventCountry "NED"]
[SourceTitle "CBM 209 Extra"]
[Source "ChessBase"]
[SourceDate "2022.09.30"]
[SourceVersion "1"]
[SourceVersionDate "2022.09.30"]
[SourceQuality "1"]

1. d4 Nf6 2. Bf4 c6 3. e3 Qb6 4. b3 g6 5. Nf3 d6 6. h3 Bg7 7. Be2 c5 8. 0-0 0-0 9. c4 Nc6 10. Nc3 Bf5 11. Rc1 Ne4 12. Nxe4 Bxe4 13. Nd2 Bf5 14. e4 Bd7 15. dxc5 Qxc5 16. Nf3 Rfd8 17. Bd3 a5 18. Be3 Qb4 19. c5 a4 20. cxd6 Qxd6 21. Bb6 Rdc8 22. Bc5 Qc7 23. bxa4 Bh6 24. Rb1 Be6 25. a3 Ne5 26. Bb6 Nxf3+ 27. Qxf3 Qc3 28. a5 Qxa3 29. Ra1 Qc3 30. Be2 Qe5 31. Rfd1 Bd2 32. Qa3 Bc3 33. Rac1 Qf6 34. Rd3 Bb2 35. Rxc8+ Rxc8 0-1

[Event "Vlissingen HZ op 24th"]
[Site "Vlissingen"]
[Date "2022.08.07"]
[Round "3"]
[White "Ackermann, Frank"]
[Black "Van der Kaap, Jos"]
[Result "1/2-1/2"]
[WhiteElo "2012"]
[BlackElo "2187"]
[PlyCount "46"]
[EventDate "2022.08.06"]
[EventType "swiss"]
[EventRounds "9"]
[EventCountry "NED"]
[SourceTitle "CBM 209 Extra"]
[Source "ChessBase"]
[SourceDate "2022.09.30"]
[SourceVersion "1"]
[SourceVersionDate "2022.09.30"]
[SourceQuality "1"]

1. e4 d5 2. exd5 Qxd5 3. Nc3 Qa5 4. d4 Nf6 5. Nf3 Bf5 6. Bc4 e6 7. Bd2 Bb4 8. a3 Bxc3 9. Bxc3 Qb6 10. b4 Bg4 11. Be2 Nc6 12. b5 Bxf3 13. gxf3 Nd5 14. Bb2 Nce7 15. Qd2 Qd6 16. c4 Nf6 17. a4 Nf5 18. Qc3 Qf4 19. Rd1 0-0 20. h4 Rfd8 21. Bc1 Qd6 22. Ba3 Qf4 23. Bc1 Qd6 1/2-1/2

[Event "Spijkenisse Reinis op 26th"]
[Site "Spijkenisse"]
[Date "2011.10.22"]
[Round "2"]
[White "Van Wely, Loek"]
[Black "Van der Kaap, Jos"]
[Result "1-0"]
[WhiteElo "2689"]
[BlackElo "2225"]
[PlyCount "47"]
[EventDate "2011.10.22"]
[EventType "swiss"]
[EventRounds "7"]
[EventCountry "NED"]
[SourceTitle "EXT 2012"]
[Source "ChessBase"]
[SourceDate "2011.11.24"]
[SourceVersion "1"]
[SourceVersionDate "2011.11.24"]
[SourceQuality "1"]

1. d4 d5 2. c4 dxc4 3. e4 Nc6 4. Nf3 Bg4 5. d5 Ne5 6. Bf4 Ng6 7. Bg3 e5 8. Bxc4 Bd6 9. Bb5+ Bd7 10. Bxd7+ Qxd7 11. Nbd2 Nf6 12. 0-0 0-0 13. Qb3 Rfe8 14. Rac1 Nf4 15. Bxf4 exf4 16. Qxb7 Rab8 17. Qxa7 Rxb2 18. Rfe1 Ng4 19. h3 Ne5 20. Nxe5 Bxe5 21. Nc4 f3 22. Nxe5 Rxe5 23. Rxc7 Qe8 24. d6 1-0